[Event "Dublin Bolger Cup"]
[Site "Dublin"]
[Date "2022.03.25"]
[Round "1"]
[White "Eigemann, Julian"]
[Black "Wallace, Paul Anthony"]
[Result "1-0"]
[WhiteElo "1976"]
[BlackElo "2175"]
[PlyCount "83"]
[EventDate "2022.03.25"]
[EventType "swiss"]
[EventRounds "5"]
[EventCountry "IRL"]
[SourceTitle "CBM 207 Extra"]
[Source "ChessBase"]
[SourceDate "2022.05.31"]
[SourceVersion "1"]
[SourceVersionDate "2022.05.31"]
[SourceQuality "1"]

1. e4 e5 2. f4 d5 3. Nc3 Nf6 4. fxe5 Nxe4 5. Nf3 Bg4 6. d3 Nxc3 7. bxc3 c5 8. d4 Nc6 9. Bb5 Qa5 10. Bxc6+ bxc6 11. Bd2 cxd4 12. cxd4 Bb4 13. Bxb4 Qxb4+ 14. Qd2 Rb8 15. a3 Qc4 16. Kf2 Rb2 17. Rhc1 Bxf3 18. Rab1 Qb5 19. a4 Qb7 20. Rxb2 Qxb2 21. gxf3 0-0 22. Ke2 c5 23. c4 Qa3 24. cxd5 cxd4 25. Rc4 f6 26. e6 Qd6 27. Qxd4 Qxh2+ 28. Kd3 Qg2 29. Qe4 Qf1+ 30. Kd2 Qf2+ 31. Kc3 Rb8 32. Rb4 Qc5+ 33. Kb3 Rxb4+ 34. Qxb4 Qxd5+ 35. Ka3 Qxf3+ 36. Kb2 Qf2+ 37. Kb3 Qb6 38. Qxb6 axb6 39. Kb4 h5 40. Kb5 h4 41. Kc6 h3 42. e7 1-0

[Event "Mittelrhein Verbandsliga-S 17/18"]
[Site "Nordrheinwestfalen"]
[Date "2017.10.01"]
[Round "2.6"]
[White "Eigemann, Julian"]
[Black "Kinnert, Dieter"]
[Result "1-0"]
[WhiteElo "1964"]
[BlackElo "1747"]
[PlyCount "49"]
[EventDate "2017.09.10"]
[EventType "team-tourn"]
[EventRounds "11"]
[EventCountry "GER"]
[SourceTitle "EXT 2022"]
[Source "ChessBase"]
[SourceDate "2021.10.06"]
[SourceVersion "1"]
[SourceVersionDate "2021.10.06"]
[SourceQuality "1"]
[WhiteTeam "Porz SG III"]
[BlackTeam "Troisdorf"]
[WhiteTeamCountry "GER"]
[BlackTeamCountry "GER"]

1. Nc3 d5 2. e4 dxe4 3. Nxe4 Nf6 4. Ng3 e6 5. Nf3 Bd6 6. d4 Nbd7 7. Bc4 c6 8. Qe2 Nb6 9. Bd3 h6 10. Nf5 Bf8 11. 0-0 Nbd5 12. a3 Ne7 13. Ng3 g6 14. h4 Bg7 15. c3 Kf8 16. Ne5 b6 17. h5 g5 18. f4 gxf4 19. Bxf4 c5 20. dxc5 bxc5 21. Be4 Ned5 22. Rad1 Bd7 23. c4 Nxf4 24. Rxf4 Nxe4 25. Nxd7+ 1-0

[Event "GER-chT U20"]
[Site "Osnabrueck"]
[Date "2013.12.29"]
[Round "5.5"]
[White "Eigemann, Julian"]
[Black "Luzius, Jannik"]
[Result "1-0"]
[WhiteElo "1956"]
[BlackElo "1552"]
[PlyCount "55"]
[EventDate "2013.12.27"]
[EventType "team-swiss"]
[EventRounds "7"]
[EventCountry "GER"]
[SourceTitle "EXT 2015"]
[Source "ChessBase"]
[SourceDate "2014.11.20"]
[SourceVersion "1"]
[SourceVersionDate "2014.11.20"]
[SourceQuality "1"]
[WhiteTeam "Koeln Porz"]
[BlackTeam "Heidesheim"]
[WhiteTeamCountry "GER"]
[BlackTeamCountry "GER"]

1. Nc3 c5 2. Nf3 g6 3. g3 Bg7 4. Bg2 Nc6 5. e3 Nf6 6. 0-0 0-0 7. d4 cxd4 8. exd4 d5 9. Re1 Bg4 10. h3 Bxf3 11. Bxf3 e6 12. Be3 a6 13. h4 Nd7 14. h5 Qf6 15. hxg6 hxg6 16. Bg4 Nxd4 17. Nxd5 exd5 18. Bxd4 Qxd4 19. Qxd4 Bxd4 20. Bxd7 Rfd8 21. Ba4 b5 22. Bb3 Bxb2 23. Rad1 Rac8 24. Bxd5 Rxc2 25. Bxf7+ Kxf7 26. Rxd8 Bf6 27. Rd7+ Kf8 28. Re6 1-0

[Event "Mittelrhein Verbandsliga-O 1112"]
[Site "Germany"]
[Date "2012.02.05"]
[Round "6"]
[White "Eigemann, Julian"]
[Black "Schild, Willi"]
[Result "1/2-1/2"]
[WhiteElo "1995"]
[BlackElo "1901"]
[PlyCount "69"]
[EventDate "2011.09.18"]
[EventType "team-tourn"]
[EventRounds "11"]
[EventCountry "GER"]
[SourceTitle "EXT 2013"]
[Source "ChessBase"]
[SourceDate "2012.11.22"]
[SourceVersion "1"]
[SourceVersionDate "2012.11.22"]
[SourceQuality "1"]
[WhiteTeam "Koeln Porz III"]
[BlackTeam "Siebengebirge"]
[WhiteTeamCountry "GER"]
[BlackTeamCountry "GER"]

1. Nc3 d5 2. e4 dxe4 3. Nxe4 Nf6 4. Nxf6+ gxf6 5. d4 c6 6. Bc4 Bf5 7. Nf3 e6 8. Qe2 Bd6 9. Bh6 Nd7 10. 0-0-0 Qc7 11. Rhe1 0-0-0 12. Kb1 Bf4 13. Bxf4 Qxf4 14. Qe3 Qg4 15. h3 Qg6 16. Rc1 h5 17. Nh4 Qh7 18. Qf3 Bg6 19. Bb3 Qh6 20. a3 Nb6 21. Rcd1 Bh7 22. Ka2 Qg5 23. g3 Nd5 24. c3 a5 25. Ka1 Rhg8 26. Re2 Ne7 27. Bc2 Bxc2 28. Rxc2 Nd5 29. Re1 Nb6 30. b3 Nd5 31. Kb2 Rd7 32. Ng2 Rgd8 33. h4 Qg6 34. Nf4 Nxf4 35. Qxf4 1/2-1/2

[Event "Mittelrhein Verbandsliga-O 1112"]
[Site "Germany"]
[Date "2011.09.18"]
[Round "1"]
[White "Eigemann, Julian"]
[Black "Effer Uhe, Daniel"]
[Result "1-0"]
[WhiteElo "1984"]
[BlackElo "1910"]
[PlyCount "77"]
[EventDate "2011.09.18"]
[EventType "team-tourn"]
[EventRounds "11"]
[EventCountry "GER"]
[SourceTitle "EXT 2013"]
[Source "ChessBase"]
[SourceDate "2012.11.22"]
[SourceVersion "1"]
[SourceVersionDate "2012.11.22"]
[SourceQuality "1"]
[WhiteTeam "Koeln Porz III"]
[BlackTeam "Erftstadt SV"]
[WhiteTeamCountry "GER"]
[BlackTeamCountry "GER"]

1. Nc3 f5 2. e4 d6 3. d4 Nf6 4. Bb5+ c6 5. Bd3 fxe4 6. Nxe4 Nxe4 7. Bxe4 Bf5 8. Qd3 g6 9. Nf3 Bxe4 10. Qxe4 Qa5+ 11. Bd2 Qf5 12. Qxf5 gxf5 13. 0-0-0 Na6 14. Rhe1 Kd7 15. Re2 Re8 16. Rde1 Bg7 17. Bg5 e6 18. Bf4 Nb4 19. Ng5 Bxd4 20. Nf7 Re7 21. Nxh8 Bxh8 22. Bg5 Re8 23. a3 Nd5 24. c4 Nc7 25. Rd1 e5 26. Rd3 Ne6 27. Be3 c5 28. Red2 Nd4 29. Bxd4 cxd4 30. Rh3 Re7 31. Rb3 b6 32. Rf3 Rf7 33. g4 f4 34. Re2 Kc6 35. Kd2 d5 36. cxd5+ Kxd5 37. Kd3 Re7 38. Rxf4 Rg7 39. Rf8 1-0

[Event "Dortmund Sparkassen op-B"]
[Site "Dortmund"]
[Date "2011.07.30"]
[Round "8"]
[White "Bausch, Thomas"]
[Black "Eigemann, Julian"]
[Result "0-1"]
[WhiteElo "1953"]
[BlackElo "1869"]
[PlyCount "88"]
[EventDate "2011.07.23"]
[EventType "swiss"]
[EventRounds "9"]
[EventCountry "GER"]
[SourceTitle "EXT 2013"]
[Source "ChessBase"]
[SourceDate "2012.11.22"]
[SourceVersion "1"]
[SourceVersionDate "2012.11.22"]
[SourceQuality "1"]

1. e4 c5 2. c3 d5 3. exd5 Qxd5 4. d4 cxd4 5. cxd4 Nc6 6. Be3 e5 7. Nc3 Bb4 8. dxe5 Bxc3+ 9. bxc3 Qxe5 10. Rc1 Be6 11. Qa4 Nge7 12. Nf3 Qa5 13. Qxa5 Nxa5 14. c4 Nf5 15. Bd2 Nc6 16. Bc3 0-0 17. Be2 Rfe8 18. 0-0 Nd6 19. Nd4 Rac8 20. Nxe6 Rxe6 21. c5 Rxe2 22. cxd6 Rd8 23. Rfe1 Rxe1+ 24. Rxe1 f6 25. Rd1 Kf7 26. Bb2 b5 27. Bc1 Ke6 28. Bf4 Ne5 29. Be3 Rxd6 30. Rxd6+ Kxd6 31. Bxa7 Kd5 32. Be3 Kc4 33. Bd2 Nc6 34. h4 Nb4 35. a3 Nc2 36. Bc1 Kb3 37. g4 Nxa3 38. f4 Nc4 39. f5 Kc2 40. Bf4 b4 41. g5 b3 42. g6 hxg6 43. Bh6 gxh6 44. fxg6 b2 0-1

[Event "GER-ch Net qual3 U18"]
[Site "Playchess.com INT"]
[Date "2011.05.08"]
[Round "2"]
[White "Eigemann, Julian"]
[Black "Leeb, Jonas"]
[Result "1-0"]
[WhiteElo "1811"]
[BlackElo "1421"]
[PlyCount "129"]
[EventDate "2011.05.08"]
[EventType "swiss (blitz)"]
[EventRounds "7"]
[EventCountry "GER"]
[SourceTitle "CBM 142 Extra"]
[Source "ChessBase"]
[SourceDate "2011.06.27"]
[SourceVersion "1"]
[SourceVersionDate "2011.06.27"]
[SourceQuality "1"]

1. e4 e6 2. d3 d5 3. Nd2 Nf6 4. Ngf3 dxe4 5. dxe4 Bc5 6. h3 b6 7. Bd3 Bb7 8. 0-0 0-0 9. e5 Nd5 10. Nb3 Be7 11. a3 c5 12. c4 Nc7 13. Qc2 g6 14. Rd1 Ne8 15. Bxg6 Qxd1+ 16. Qxd1 fxg6 17. Bh6 Bxf3 18. gxf3 Rf5 19. f4 Nc6 20. Qf3 Rc8 21. Rd1 Rh5 22. Bg5 Bxg5 23. fxg5 Rxg5+ 24. Kh2 Rf5 25. Qg3 Nxe5 26. Kg2 Nf6 27. Re1 Nh5 28. Qc3 Nf3 29. Re3 Nh4+ 30. Kf1 Rcf8 31. Re2 Rf3 32. Re3 Rxf2+ 33. Ke1 Rf1+ 34. Kd2 R1f2+ 35. Kc1 Rf1+ 36. Kc2 R8f2+ 37. Nd2 Ng2 38. Rxe6 Ne1+ 39. Kb3 Rf3 40. Nxf3 Rxf3 41. Re3 Rxe3 42. Qxe3 Ng2 43. Qe8+ Kg7 44. Qd7+ Kh6 45. Qxa7 Ngf4 46. Qxb6 Ng3 47. Qxc5 Nd3 48. Qe3+ Kg7 49. Qxd3 Nf5 50. c5 Kf7 51. c6 Ne7 52. c7 Ke8 53. Qd8+ Kf7 54. c8Q Nxc8 55. Qxc8 Kg7 56. Qg4 h5 57. Qg5 Kh7 58. a4 Kg7 59. a5 Kh7 60. a6 h4 61. a7 Kg7 62. a8Q Kh7 63. Qb7+ Kg8 64. Qxg6+ Kf8 65. Qgf7# 1-0

[Event "GER-chT U16"]
[Site "Naumburg"]
[Date "2010.12.27"]
[Round "1.3"]
[White "Mueller, Markus1"]
[Black "Eigemann, Julian"]
[Result "0-1"]
[WhiteElo "1556"]
[BlackElo "1908"]
[PlyCount "37"]
[EventDate "2010.12.27"]
[EventType "team-swiss"]
[EventRounds "7"]
[EventCountry "GER"]
[SourceTitle "CBM 140 Extra"]
[Source "ChessBase"]
[SourceDate "2011.03.01"]
[SourceVersion "1"]
[SourceVersionDate "2011.03.01"]
[SourceQuality "1"]
[WhiteTeam "Gernsheim"]
[BlackTeam "Koeln Muelheim"]
[WhiteTeamCountry "GER"]
[BlackTeamCountry "GER"]

1. d4 Nf6 2. c4 g6 3. Nc3 Bg7 4. e4 d6 5. Be2 0-0 6. g4 c5 7. d5 a6 8. g5 Ne8 9. h4 Bd7 10. Qc2 b5 11. f4 f5 12. h5 b4 13. Nd1 e5 14. hxg6 hxg6 15. Bd3 exf4 16. Qh2 Qxg5 17. Bxf4 Qh5 18. Qxh5 gxh5 19. Bxd6 0-1

[Event "GER-ch U25"]
[Site "Oberhof"]
[Date "2010.05.24"]
[Round "3"]
[White "Eigemann, Julian"]
[Black "Mehling, Franziska"]
[Result "1-0"]
[WhiteElo "1841"]
[BlackElo "1477"]
[PlyCount "101"]
[EventDate "2010.05.22"]
[EventType "swiss"]
[EventRounds "9"]
[EventCountry "GER"]
[SourceTitle "CBM 136 Extra"]
[Source "ChessBase"]
[SourceDate "2010.07.02"]
[SourceVersion "2"]
[SourceVersionDate "2010.07.15"]
[SourceQuality "1"]

1. e4 c5 2. Nf3 a6 3. d3 e6 4. g3 b5 5. Bg2 Bb7 6. 0-0 d5 7. Nbd2 Be7 8. Re1 Nf6 9. e5 Nfd7 10. Nf1 Nc6 11. h4 h5 12. Bf4 Qb6 13. c3 Rc8 14. Qe2 g6 15. N1h2 c4 16. d4 b4 17. Reb1 a5 18. Ng5 Ba6 19. Bh3 Qa7 20. Qc2 Nd8 21. Nhf3 Rb8 22. Qd1 Nb6 23. Kg2 Qd7 24. g4 hxg4 25. Bxg4 Na4 26. Qd2 Qc7 27. Bh3 bxc3 28. bxc3 Ba3 29. Rxb8 Qxb8 30. Qc2 Bb5 31. Rb1 Qb7 32. Bxe6 Nxe6 33. Nxe6 fxe6 34. Qxa4 Bxa4 35. Rxb7 Rf8 36. Bh6 Rf7 37. Rb8+ Ke7 38. Ng5 Rf5 39. Nh7 Bc2 40. Bf8+ Rxf8 41. Nxf8 Kf7 42. Nh7 Be7 43. Rb7 Ke8 44. Ng5 Bf5 45. Ra7 Bd8 46. Nf7 Bb6 47. Nd6+ Kd8 48. Rb7 Bc7 49. Rb5 a4 50. Nxf5 exf5 51. Rxd5+ 1-0

[Event "GER-chT U14"]
[Site "Arendsee"]
[Date "2009.12.30"]
[Round "7.3"]
[White "Eigemann, Julian"]
[Black "Pfefferkorn, Kai"]
[Result "1-0"]
[WhiteElo "1851"]
[BlackElo "1530"]
[PlyCount "109"]
[EventDate "2009.12.27"]
[EventType "team-swiss"]
[EventRounds "7"]
[EventCountry "GER"]
[SourceTitle "EXT 2022"]
[Source "ChessBase"]
[SourceDate "2021.10.06"]
[SourceVersion "1"]
[SourceVersionDate "2021.10.06"]
[SourceQuality "1"]
[WhiteTeam "Koeln Muelheim U14"]
[BlackTeam "Dresden USV TU U14"]
[WhiteTeamCountry "GER"]
[BlackTeamCountry "GER"]

1. e4 e6 2. d3 d5 3. Nd2 Nf6 4. Ngf3 b6 5. g3 dxe4 6. dxe4 Bb7 7. Qe2 Nbd7 8. Bg2 Bc5 9. 0-0 0-0 10. Nh4 a5 11. Nb3 Ba6 12. c4 Ne5 13. Rd1 Qe7 14. Nxc5 Bxc4 15. Qc2 Qxc5 16. b3 Ba6 17. Qxc5 bxc5 18. Ba3 Rfd8 19. Bxc5 Bb7 20. Bd4 Ng6 21. Nxg6 hxg6 22. e5 Nd5 23. Rac1 c6 24. f4 Rdc8 25. a3 Kf8 26. Kf2 Ke8 27. Bc5 Kd7 28. Bd6 Kd8 29. h4 Kd7 30. Bh3 Ke8 31. Rc5 Kd7 32. Rd4 Ra6 33. Bf1 Ra7 34. Ra4 Rca8 35. Rc2 Nb6 36. Rd4 Kc8 37. Bg2 Nd5 38. Bc5 Ra6 39. Bf1 Kc7 40. Bxa6 Rxa6 41. Bd6+ Kb6 42. Bf8 Ra8 43. Bd6 Ra6 44. Ra4 Ra8 45. b4 axb4 46. Rxa8 Bxa8 47. Bxb4 Bb7 48. Bc5+ Kc7 49. Bf8 Ba6 50. Bxg7 Bb5 51. Bf8 Kb6 52. Kf3 Kc7 53. g4 Kd7 54. h5 Ba4 55. h6 1-0

[Event "GER-chT U14"]
[Site "Arendsee"]
[Date "2009.12.29"]
[Round "6.3"]
[White "Schoepe, Tobias"]
[Black "Eigemann, Julian"]
[Result "1/2-1/2"]
[WhiteElo "1696"]
[BlackElo "1851"]
[PlyCount "76"]
[EventDate "2009.12.27"]
[EventType "team-swiss"]
[EventRounds "7"]
[EventCountry "GER"]
[SourceTitle "EXT 2022"]
[Source "ChessBase"]
[SourceDate "2021.10.06"]
[SourceVersion "1"]
[SourceVersionDate "2021.10.06"]
[SourceQuality "1"]
[WhiteTeam "Ergolding FC U14"]
[BlackTeam "Koeln Muelheim U14"]
[WhiteTeamCountry "GER"]
[BlackTeamCountry "GER"]

1. e4 c5 2. Nf3 d6 3. d4 cxd4 4. Nxd4 Nf6 5. Nc3 a6 6. Be3 e6 7. Be2 Be7 8. 0-0 b5 9. a3 Bb7 10. Bf3 Nbd7 11. Nb3 Ne5 12. Bf4 Nc4 13. Rb1 Rc8 14. Qd3 Qc7 15. Ne2 0-0 16. Ng3 Nd7 17. c3 Nde5 18. Bxe5 Nxe5 19. Qe2 Nxf3+ 20. Qxf3 d5 21. Qe3 dxe4 22. Nxe4 Qc6 23. f3 Qd5 24. Na5 Ba8 25. Kh1 f5 26. Ng5 Bxg5 27. Qxg5 f4 28. Qg4 Qf5 29. Qxf5 Rxf5 30. Nb3 e5 31. Rfe1 Bd5 32. Nd2 Rd8 33. Rbd1 Kf7 34. Ne4 Ke7 35. Kg1 a5 36. Nc5 a4 37. Na6 Rd6 38. Nb4 Ke6 1/2-1/2

[Event "GER-chT U14"]
[Site "Arendsee"]
[Date "2009.12.27"]
[Round "1.3"]
[White "Eigemann, Julian"]
[Black "Hoffmann, Dustin"]
[Result "1-0"]
[WhiteElo "1851"]
[BlackElo "1471"]
[PlyCount "55"]
[EventDate "2009.12.27"]
[EventType "team-swiss"]
[EventRounds "7"]
[EventCountry "GER"]
[SourceTitle "EXT 2022"]
[Source "ChessBase"]
[SourceDate "2021.10.06"]
[SourceVersion "1"]
[SourceVersionDate "2021.10.06"]
[SourceQuality "1"]
[WhiteTeam "Koeln Muelheim U14"]
[BlackTeam "Merseburg U14"]
[WhiteTeamCountry "GER"]
[BlackTeamCountry "GER"]

1. e4 c5 2. Nf3 Nc6 3. d3 d6 4. g3 Nf6 5. Bg2 e6 6. 0-0 Be7 7. Nbd2 0-0 8. h4 Qc7 9. Re1 b5 10. Nf1 Bb7 11. Ne3 Nd7 12. Ng5 Nce5 13. f4 Nc6 14. Bh3 Nf6 15. Nf3 e5 16. f5 a6 17. g4 Qd7 18. g5 Ne8 19. Nd5 Rb8 20. f6 Qxh3 21. fxe7 Qg3+ 22. Kh1 Nd4 23. exf8Q+ Kxf8 24. Re3 Qh3+ 25. Nh2 Qxh4 26. c3 Ne6 27. Qg4 Qf2 28. Re2 1-0

[Event "Cologne Longerich op 6th"]
[Site "Cologne"]
[Date "2009.08.22"]
[Round "2"]
[White "Eigemann, Julian"]
[Black "Stelzer, Wolfgang"]
[Result "1-0"]
[WhiteElo "1860"]
[BlackElo "1774"]
[PlyCount "57"]
[EventDate "2009.08.21"]
[EventType "swiss"]
[EventRounds "5"]
[EventCountry "GER"]
[SourceTitle "EXT 2012"]
[Source "ChessBase"]
[SourceDate "2011.11.24"]
[SourceVersion "1"]
[SourceVersionDate "2011.11.24"]
[SourceQuality "1"]

1. e4 c5 2. Nf3 d6 3. d3 Nc6 4. g3 g6 5. Bg2 Bg7 6. 0-0 e6 7. Nbd2 a6 8. Re1 Qc7 9. Nf1 Nge7 10. Ne3 0-0 11. h4 Nd4 12. Nxd4 cxd4 13. Ng4 e5 14. h5 Bxg4 15. Qxg4 h6 16. hxg6 Nxg6 17. f4 exf4 18. gxf4 Kh7 19. Re2 Qc8 20. Qh5 Rh8 21. Bh3 Qc5 22. f5 Ne5 23. f6 Bf8 24. Bf5+ Ng6 25. Rh2 Qe5 26. Bg5 Kg8 27. Bxg6 Qxg5+ 28. Qxg5 hxg5 29. Bxf7+ 1-0

[Event "Mainz Ordix op qual 16th"]
[Site "Mainz"]
[Date "2009.07.28"]
[Round "7"]
[White "Eigemann, Julian"]
[Black "Bauer, Bernd"]
[Result "0-1"]
[WhiteElo "1740"]
[BlackElo "2006"]
[PlyCount "128"]
[EventDate "2009.07.28"]
[EventType "swiss (rapid)"]
[EventRounds "7"]
[EventCountry "GER"]
[SourceTitle "CBM 131 Extra"]
[Source "ChessBase"]
[SourceDate "2009.09.03"]
[SourceVersion "2"]
[SourceVersionDate "2009.09.16"]
[SourceQuality "1"]

1. e4 c5 2. Nf3 Nc6 3. d3 e6 4. Nbd2 d5 5. g3 Bd6 6. Bg2 Nge7 7. 0-0 0-0 8. c3 b6 9. Re1 Ba6 10. Qe2 Bc7 11. Nh4 Ne5 12. c4 dxc4 13. dxc4 N7c6 14. Nhf3 Nd4 15. Nxd4 Qxd4 16. Bf1 Rad8 17. Nf3 Bxc4 18. Nxd4 Bxe2 19. f4 cxd4 20. Bxe2 Nc6 21. Bd2 Bd6 22. a3 d3 23. Bd1 Bc5+ 24. Kg2 Bd4 25. Rc1 Nb8 26. Bb4 d2 27. Bxd2 Bxb2 28. Rc2 Bxa3 29. Ra2 Bc5 30. Ba4 Rd3 31. Bb5 Rdd8 32. Be3 Bxe3 33. Rxe3 a5 34. Rc2 h6 35. Rec3 Nd7 36. Bxd7 Rxd7 37. Rc6 Rb7 38. Rb2 Rfb8 39. e5 b5 40. Kf3 a4 41. Ke4 b4 42. Kd4 a3 43. Rb3 Ra7 44. Rc1 Rd7+ 45. Ke3 Ra7 46. Ra1 Kf8 47. Kd3 Ke7 48. Kc4 Rc7+ 49. Kd3 Rd8+ 50. Ke3 Rc4 51. h3 Rdd4 52. h4 Re4+ 53. Kf3 Kd7 54. Rd1+ Kc6 55. Rd6+ Kc5 56. Rd1 Red4 57. Ra1 Rd2 58. Ke3 Rdc2 59. Kf3 R4c3+ 60. Rxc3+ Rxc3+ 61. Kf2 Kc4 62. Kg2 Kb3 63. Re1 a2 64. Kf2 Kb2 0-1